Arthropod pests and natural enemies on cashew tree in suntuk district kompong thom province ប្រភេទសត្វល្អិតចង្រៃ និងសត្វល្អិតមានប្រយោជន៍លើដំណាំស្វាយចន្ទីនៅស្រុកសន្ទុក​ខេត្តកំពង់ធំ (Record no. 1116)

000 -LEADER
fixed length control field 00708nam a22001337a 4500
040 ## - CATALOGING SOURCE
Transcribing agency RUA
082 ## - DEWEY DECIMAL CLASSIFICATION NUMBER
Classification number AGR TE 2010 B044 Or.1
100 ## - MAIN ENTRY--AUTHOR NAME
Personal name TE, KIMSOKHENG.
245 ## - TITLE STATEMENT
Title Arthropod pests and natural enemies on cashew tree in suntuk district kompong thom province ប្រភេទសត្វល្អិតចង្រៃ និងសត្វល្អិតមានប្រយោជន៍លើដំណាំស្វាយចន្ទីនៅស្រុកសន្ទុក​ខេត្តកំពង់ធំ
260 ## - PUBLICATION, DISTRIBUTION, ETC. (IMPRINT)
Place of publication Phnom Penh
Name of publisher RUA
Year of publication 2010
300 ## - PHYSICAL DESCRIPTION
Number of Pages xiii, 77p.
Other physical details ill.
Dimensions 29cm.
856 ## - ELECTRONIC LOCATION AND ACCESS
Uniform Resource Identifier https://drive.google.com/file/d/1cApHOVXl-m2JCUjgWVSWkwXQ_wG4k-Cw/view?usp=sharing
942 ## - ADDED ENTRY ELEMENTS (KOHA)
Koha item type AGR
952 ## - LOCATION AND ITEM INFORMATION (KOHA)
Withdrawn status [LOCAL, KOHA] 0
952 ## - LOCATION AND ITEM INFORMATION (KOHA)
Withdrawn status [LOCAL, KOHA] 0
Holdings
Permanent Location Date acquired Koha item type Lost status Shelving location Barcode Current Location Full call number
Library Block B2015-09-23AGR B044RUA000219Library Block BAGR TE 2010 B044 Or.1
Library Block B2015-09-23AGR B044RUA000580Library Block BAGR TE 2010 B044 Or.2
មជ្ឈមណ្ឌលឯការនៃសាកលវិទ្យាល័យភូមិន្ទកសិកម្មចំការដូង

Powered by Koha